000 00651nam a2200253Ia 4500
003 OSt
005 20221007100132.0
006 a|||||r|||| 00| 0
007 ta
008 221006b |||||||| |||| 00| 0 eng d
020 _a0198761945
024 _a3,818
037 _cTextual
040 _aLCO
_cLCO
_beng
041 _2eng
_aeng
082 _aZ1, M6
100 _aCassese Antonio
_9251722
245 0 _aInternational Law in a Divided World
260 _aNew
_bYork Clarendon Press U.S.A.
_c1986
300 _a429
650 _aINTERNATIONAL LAW
942 _hZ1, M6
_cTEXL
999 _c1173381
_d1173381